| 000 | 00714cam a22002291 4500 | ||
|---|---|---|---|
| 001 | sa 68019024 | ||
| 003 | DLC | ||
| 005 | 20260227112716.0 | ||
| 008 | 931124s1967 io bs 000 0 ind | ||
| 010 | _asa 68019024 | ||
| 025 | _aPL480:Indo-7807 | ||
| 035 | _a(OCoLC)29385150 | ||
| 040 |
_aDLC _cCU _dDLC |
||
| 042 | _apremarc | ||
| 050 | 0 | 0 |
_aL597 _b.C5 1967 |
| 110 | 1 |
_aIndonesia. _bTeam Statistik Perguruan Tinggi. |
|
| 245 | 1 | 0 | _aLaporan tentang perguruan tinggi di Indonesia tahun 1967. |
| 260 |
_a[Djakarta] _bDirektorat Djenderal Perguruan Tinggi, _c1967. |
||
| 300 |
_avii, 63, 16 p. _c34 cm. |
||
| 504 | _aIncludes bibliographical references. | ||
| 650 | 0 |
_aEducation, Higher _zIndonesia _vStatistics. |
|
| 999 |
_c88777 _d88777 |
||